000 00482nam a22001817a 4500
999 _c7820
_d7820
003 GBCCL
005 20241126110637.0
008 181001b ||||| |||| 00| 0 eng d
040 _cGBC
082 _a220.007
_bJOU
100 _aBlack, C Clifton
_913656
245 _aMark /
_cby C Clifton Black
260 _aNashville :
_bCokesbury,
_c1994.
300 _a112p. ;
440 _aJourney through the Bible, v. 10.
_913657
650 _aBible
_vMark
_xstudy
_913658
942 _2ddc
_cBK